Countries With Ten Letters - Statistics

General Stats
  • This quiz has been taken 408 times
    168 since last reset
  • The average score is 14 of 19
Answer Stats
Continent Answer % Correct
Asia Kazakhstan
87%
Oceania New Zealand
87%
Asia Tajikistan
86%
Asia Azerbaijan
85%
Asia Uzbekistan
84%
Europe Luxembourg
82%
Asia South Korea
80%
Asia North Korea
78%
Africa South Sudan
77%
Asia Kyrgyzstan
76%
Africa Mauritania
74%
North America El Salvador
72%
Africa Mozambique
70%
Africa Madagascar
69%
Europe Montenegro
68%
Asia Bangladesh
66%
North America Saint Lucia
65%
Africa Seychelles
58%
Africa Ivory Coast
54%
No matching quizzes found
Score Distribution
Percent of People with Each Score
Percentile by Number Answered
Your Score History
You have not taken this quiz since the last reset